00461nam a2200109Ia 4500008004100000100002400041245013500065260004400200300001800244650002000262856006900282160712s9999 xx 000 0 und d aCainghog, Nelson G. cNelson G. CainghogaDoes the Number of Veto Players Matter? Cases of Health Policy-Making Among Municipalities in Bohol, 1999-2003 c2011bPhilippine Social Sciences Review avol. 63 no. 2 xSOCIAL SCIENCES uhttp://journals.upd.edu.ph/index.php/pssr/issue/view/348/showToc